| 000 | 00396nam a22001217a 4500 | ||
|---|---|---|---|
| 082 |
_bNAW _a297.272095 _cD |
||
| 100 |
_aMuhammad Nawaz khan Masood Dr. _951315 |
||
| 245 |
_aفرنگی راج اور غیرتمند مسلمان _cDr. Muhammad Nawaz khan Masood |
||
| 260 |
_aMiranshah. : _bGorowaik Markaz. _c2000 |
||
| 300 | _a417p. | ||
| 526 |
_a0 _b0 _c0 _d297_272095000000000_NAW |
||
| 942 |
_2ddc _cBK |
||
| 999 |
_c554030 _d554030 |
||